[Event "d12b"]
[Site "?"]
[Date "2020.08.30"]
[Round "6.6"]
[White "Pniewska, Beata"]
[Black "Kowalski, Melissa"]
[Result "1/2-1/2"]
[BlackElo "1163"]
[WhiteElo "1169"]
[LiveChessVersion "1.4.8"]

1. e4 {[%clk 0:03:02]} e5 {[%clk 0:03:04]} 2. Nf3 {[%clk 0:03:03]} Nc6
{[%clk 0:03:05]} 3. Bc4 {[%clk 0:03:03]} Bc5 {[%clk 0:03:06]} 4. c3
{[%clk 0:03:04]} Nf6 {[%clk 0:02:49]} 5. d4 {[%clk 0:03:05]} exd4
{[%clk 0:02:50]} 6. cxd4 {[%clk 0:03:05]} Bb4+ {[%clk 0:02:50]} 7. Nc3
{[%clk 0:03:04]} Bxc3+ {[%clk 0:02:35]} 8. bxc3 {[%clk 0:03:03]} d5
{[%clk 0:02:28]} 9. exd5 {[%clk 0:02:56]} Nxd5 {[%clk 0:02:27]} 10. O-O
{[%clk 0:02:50]} O-O {[%clk 0:02:22]} 11. Qd3 {[%clk 0:02:40]} Nce7
{[%clk 0:01:54]} 12. Bg5 {[%clk 0:02:37]} Re8 {[%clk 0:01:42]} 13. Rfe1
{[%clk 0:02:33]} Be6 {[%clk 0:01:35]} 14. Bb3 {[%clk 0:02:14]} h6
{[%clk 0:01:20]} 15. Bh4 {[%clk 0:02:12]} Nf4 {[%clk 0:01:02]} 16. Qe4
{[%clk 0:01:54]} Qd6 {[%clk 0:00:39]} 17. Bg3 {[%clk 0:01:37]} Neg6
{[%clk 0:00:27]} 18. Qc2 {[%clk 0:01:27]} Bxb3 {[%clk 0:00:23]} 19. Qxb3
{[%clk 0:01:27]} Qc6 {[%clk 0:00:20]} 20. Qc2 {[%clk 0:00:54]} Re6
{[%clk 0:00:15]} 21. Rxe6 {[%clk 0:00:53]} Qxe6 {[%clk 0:00:14]} 22. Re1
{[%clk 0:00:52]} Qc6 {[%clk 0:00:15]} 23. c4 {[%clk 0:00:43]} Re8
{[%clk 0:00:16]} 24. d5 {[%clk 0:00:37]} Rxe1+ {[%clk 0:00:16]} 25. Nxe1
{[%clk 0:00:37]} Qe8 {[%clk 0:00:17]} 26. Nf3 {[%clk 0:00:34]} Ne2+
{[%clk 0:00:16]} 27. Kf1 {[%clk 0:00:27]} Nef4 {[%clk 0:00:15]} 28. Bxf4
{[%clk 0:00:22]} Nxf4 {[%clk 0:00:16]} 29. g3 {[%clk 0:00:21]} Ng6
{[%clk 0:00:17]} 30. Kg2 {[%clk 0:00:20]} Ne5 {[%clk 0:00:19]} 31. Qe4
{[%clk 0:00:16]} f6 {[%clk 0:00:20]} 32. c5 {[%clk 0:00:12]} Kf7 {[%clk 0:00:21]}
33. d6 {[%clk 0:00:12]} cxd6 34. cxd6 {[%clk 0:00:13]} Qd7 {[%clk 0:00:17]} 35.
Nxe5+ {[%clk 0:00:13]} fxe5 {[%clk 0:00:17]} 36. Qxe5 {[%clk 0:00:13]} Qe6
{[%clk 0:00:17]} 37. Qf4+ {[%clk 0:00:11]} Qf6 {[%clk 0:00:15]} 38. Qc4+
{[%clk 0:00:11]} Qe6 {[%clk 0:00:14]} 39. Qc7+ {[%clk 0:00:12]} Ke8
{[%clk 0:00:13]} 40. Qxb7 {[%clk 0:00:09]} Qd7 {[%clk 0:00:14]} 41. Qe4+
{[%clk 0:00:08]} Kd8 {[%clk 0:00:15]} 42. Qh4+ {[%clk 0:00:07]} Kc8
{[%clk 0:00:16]} 43. Qc4+ {[%clk 0:00:07]} Kb8 {[%clk 0:00:15]} 44. Qb4+
{[%clk 0:00:08]} Kc8 {[%clk 0:00:17]} 45. Qc4+ {[%clk 0:00:09]} Kb8
{[%clk 0:00:17]} 46. Qb4+ {[%clk 0:00:10]} Kc8 {[%clk 0:00:18]} 1/2-1/2

[Event "d12b"]
[Site "?"]
[Date "2020.08.30"]
[Round "6.7"]
[White "Makarec, Anna"]
[Black "Popczynska, Maja"]
[Result "0-1"]
[BlackElo "1129"]
[WhiteElo "1053"]
[LiveChessVersion "1.4.8"]

1. e4 {[%clk 0:03:02]} e6 {[%clk 0:03:02]} 2. d4 {[%clk 0:03:03]} d5
{[%clk 0:03:03]} 3. exd5 {[%clk 0:03:04]} exd5 {[%clk 0:03:04]} 4. Bf4
{[%clk 0:03:03]} c5 {[%clk 0:03:00]} 5. c3 {[%clk 0:03:04]} Nf6 {[%clk 0:02:53]}
6. Bd3 {[%clk 0:03:03]} c4 {[%clk 0:02:53]} 7. Be2 {[%clk 0:02:58]} Nc6
{[%clk 0:02:48]} 8. Nf3 {[%clk 0:02:58]} Be6 {[%clk 0:02:45]} 9. Nbd2
{[%clk 0:02:57]} Bd6 {[%clk 0:02:42]} 10. Bxd6 {[%clk 0:02:56]} Qxd6
{[%clk 0:02:43]} 11. O-O {[%clk 0:02:52]} O-O {[%clk 0:02:40]} 12. Qc2
{[%clk 0:02:48]} Qd7 {[%clk 0:02:34]} 13. Rfe1 {[%clk 0:02:44]} Bf5
{[%clk 0:02:32]} 14. Qd1 {[%clk 0:02:39]} Rfe8 {[%clk 0:02:32]} 15. Bf1
{[%clk 0:02:39]} Rxe1 {[%clk 0:02:28]} 16. Qxe1 {[%clk 0:02:39]} Re8
{[%clk 0:02:27]} 17. Qd1 {[%clk 0:02:38]} Bg4 {[%clk 0:02:24]} 18. b3
{[%clk 0:02:39]} b5 {[%clk 0:02:25]} 19. bxc4 {[%clk 0:02:38]} bxc4
{[%clk 0:02:26]} 20. h3 {[%clk 0:02:27]} Bh5 {[%clk 0:02:27]} 21. Qc2
{[%clk 0:02:23]} Bg6 {[%clk 0:02:03]} 22. Qa4 {[%clk 0:02:15]} Nb8
{[%clk 0:01:49]} 23. Qxd7 {[%clk 0:02:11]} Nbxd7 {[%clk 0:01:50]} 24. Re1
{[%clk 0:02:10]} Rxe1 {[%clk 0:01:43]} 25. Nxe1 {[%clk 0:02:08]} Ne4
{[%clk 0:01:38]} 26. Nxe4 {[%clk 0:02:07]} Bxe4 {[%clk 0:01:39]} 27. f3
{[%clk 0:02:07]} Bg6 {[%clk 0:01:37]} 28. Nc2 {[%clk 0:02:00]} Bxc2
{[%clk 0:01:38]} 29. Kf2 {[%clk 0:02:00]} Bb1 {[%clk 0:01:36]} 30. a3
{[%clk 0:02:01]} Bg6 {[%clk 0:01:32]} 31. g4 {[%clk 0:01:57]} f5 {[%clk 0:01:31]}
32. f4 {[%clk 0:01:55]} Nf6 {[%clk 0:01:30]} 33. gxf5 {[%clk 0:01:47]} Bxf5
{[%clk 0:01:30]} 34. Bg2 {[%clk 0:01:47]} Ne4+ {[%clk 0:01:26]} 35. Bxe4
{[%clk 0:01:44]} Bxe4 {[%clk 0:01:27]} 36. Kg3 {[%clk 0:01:40]} Kf7
{[%clk 0:01:27]} 37. Kg4 {[%clk 0:01:41]} Kg6 {[%clk 0:01:26]} 38. h4
{[%clk 0:01:33]} h5+ {[%clk 0:01:27]} 39. Kh3 {[%clk 0:01:33]} Kf5
{[%clk 0:01:25]} 40. Kg3 {[%clk 0:01:34]} Kf6 {[%clk 0:01:18]} 41. Kh3
{[%clk 0:01:26]} Bf5+ {[%clk 0:01:19]} 42. Kg3 {[%clk 0:01:26]} Bg4
{[%clk 0:01:19]} 43. Kf2 {[%clk 0:01:26]} Kf5 {[%clk 0:01:20]} 44. Ke3
{[%clk 0:01:26]} g6 {[%clk 0:01:15]} 45. a4 {[%clk 0:01:23]} a5 {[%clk 0:01:16]}
46. Kf2 {[%clk 0:01:04]} Kxf4 {[%clk 0:01:16]} 47. Kg1 {[%clk 0:01:02]} Bd1
{[%clk 0:01:16]} 48. Kf2 {[%clk 0:01:03]} Bxa4 {[%clk 0:01:17]} 49. Kg1
{[%clk 0:01:03]} Bc2 {[%clk 0:01:18]} 50. Kf2 {[%clk 0:01:04]} a4
{[%clk 0:01:19]} 51. Ke1 {[%clk 0:01:05]} a3 {[%clk 0:01:21]} 52. Kd2
{[%clk 0:01:05]} a2 {[%clk 0:01:13]} 53. Kxc2 {[%clk 0:01:05]} a1=Q
{[%clk 0:01:12]} 54. Kd2 {[%clk 0:01:06]} Qb2+ {[%clk 0:01:13]} 55. Kd1
{[%clk 0:01:06]} Qxc3 {[%clk 0:01:12]} 56. Ke2 {[%clk 0:01:07]} Ke4
{[%clk 0:01:10]} 57. Kd1 {[%clk 0:01:08]} Qb2 {[%clk 0:01:11]} 58. Ke1
{[%clk 0:01:07]} Ke3 {[%clk 0:01:12]} 59. Kf1 {[%clk 0:01:08]} Qf2#
{[%clk 0:01:12]} 0-1

[Event "d12b"]
[Site "?"]
[Date "2020.08.30"]
[Round "7.1"]
[White "Szczotka, Klara"]
[Black "Pietryk, Joanna"]
[Result "1-0"]
[BlackElo "1166"]
[WhiteElo "1654"]
[LiveChessVersion "1.4.8"]

1. e4 {[%clk 0:03:04]} c5 2. Nf3 d6 {[%clk 0:03:04]} 3. Bb5+ {[%clk 0:03:06]} Bd7
{[%clk 0:03:05]} 4. Bxd7+ {[%clk 0:03:07]} Nxd7 {[%clk 0:03:05]} 5. O-O
{[%clk 0:03:07]} e6 {[%clk 0:03:06]} 6. d4 {[%clk 0:03:08]} cxd4 {[%clk 0:03:07]}
7. Nxd4 {[%clk 0:03:09]} Ngf6 {[%clk 0:03:07]} 8. Re1 {[%clk 0:03:09]} Be7
{[%clk 0:03:07]} 9. c4 {[%clk 0:03:09]} Rc8 {[%clk 0:03:07]} 10. b3
{[%clk 0:03:10]} O-O {[%clk 0:03:06]} 11. Nc3 {[%clk 0:03:11]} Nc5
{[%clk 0:02:59]} 12. f3 {[%clk 0:03:10]} Qb6 {[%clk 0:02:58]} 13. Be3
{[%clk 0:03:11]} a6 {[%clk 0:02:39]} 14. Qd2 {[%clk 0:03:04]} Qc7
{[%clk 0:02:34]} 15. Rac1 {[%clk 0:03:05]} Qd7 {[%clk 0:02:20]} 16. Red1
{[%clk 0:03:04]} Rfd8 {[%clk 0:02:19]} 17. Nde2 {[%clk 0:02:34]} Ne8
{[%clk 0:02:11]} 18. Nf4 {[%clk 0:02:10]} b6 {[%clk 0:01:52]} 19. Nd3
{[%clk 0:02:09]} Nxd3 {[%clk 0:01:50]} 20. Qxd3 {[%clk 0:02:11]} Nc7
{[%clk 0:01:50]} 21. Bxb6 {[%clk 0:02:02]} Qc6 {[%clk 0:01:48]} 22. Bf2
{[%clk 0:02:02]} Rb8 {[%clk 0:01:40]} 23. Ne2 {[%clk 0:01:52]} Qb7
{[%clk 0:01:27]} 24. Nd4 {[%clk 0:01:50]} Ne8 {[%clk 0:01:22]} 25. Kh1
{[%clk 0:01:37]} Nf6 {[%clk 0:01:21]} 26. Qe2 {[%clk 0:01:31]} Qc7
{[%clk 0:01:12]} 27. Bg3 {[%clk 0:01:23]} Nh5 {[%clk 0:01:09]} 28. Qf2
{[%clk 0:01:00]} Bf6 {[%clk 0:00:54]} 29. Bh4 {[%clk 0:01:00]} Bxh4
{[%clk 0:00:44]} 30. Qxh4 {[%clk 0:01:01]} Nf6 {[%clk 0:00:45]} 31. Qe1
{[%clk 0:00:51]} Qc5 {[%clk 0:00:39]} 32. Qe3 {[%clk 0:00:37]} Rbc8
{[%clk 0:00:32]} 33. Nc2 {[%clk 0:00:38]} Qc6 {[%clk 0:00:31]} 34. Nb4
{[%clk 0:00:36]} Qb7 {[%clk 0:00:32]} 35. Nd3 {[%clk 0:00:36]} Qc6
{[%clk 0:00:25]} 36. Nf4 {[%clk 0:00:30]} e5 {[%clk 0:00:23]} 37. Nd5
{[%clk 0:00:30]} Nxd5 {[%clk 0:00:23]} 38. cxd5 {[%clk 0:00:24]} Qd7
{[%clk 0:00:23]} 39. Rxc8 {[%clk 0:00:23]} Rxc8 {[%clk 0:00:24]} 40. Rc1
{[%clk 0:00:24]} Ra8 {[%clk 0:00:23]} 41. Qb6 {[%clk 0:00:22]} a5
{[%clk 0:00:18]} 42. Rc7 {[%clk 0:00:22]} Qd8 {[%clk 0:00:18]} 43. Qc6
{[%clk 0:00:20]} h6 {[%clk 0:00:16]} 44. Rd7 {[%clk 0:00:21]} Qb8
{[%clk 0:00:14]} 45. Rxd6 {[%clk 0:00:15]} Qb4 {[%clk 0:00:14]} 46. h3
{[%clk 0:00:13]} Rb8 {[%clk 0:00:11]} 47. Rd7 {[%clk 0:00:11]} Qd4
{[%clk 0:00:08]} 48. Qc1 {[%clk 0:00:08]} Qb6 {[%clk 0:00:06]} 49. Rc7
{[%clk 0:00:09]} Kh7 {[%clk 0:00:05]} 50. Rc6 {[%clk 0:00:10]} Qd8
{[%clk 0:00:05]} 51. d6 {[%clk 0:00:08]} Qd7 {[%clk 0:00:05]} 52. Qc5
{[%clk 0:00:07]} Rd8 {[%clk 0:00:03]} 53. Qxe5 {[%clk 0:00:05]} Re8
{[%clk 0:00:00]} 54. Qc5 {[%clk 0:00:05]} Qxc6 1-0

[Event "d12b"]
[Site "?"]
[Date "2020.08.30"]
[Round "7.2"]
[White "Wojs, Alicja"]
[Black "Natoli, Alessia"]
[Result "0-1"]
[BlackElo "1302"]
[WhiteElo "1285"]
[LiveChessVersion "1.4.8"]

1. e4 {[%clk 0:03:03]} c5 {[%clk 0:03:02]} 2. a3 {[%clk 0:03:05]} e6
{[%clk 0:02:59]} 3. b4 {[%clk 0:03:06]} cxb4 {[%clk 0:02:55]} 4. axb4
{[%clk 0:03:06]} d6 {[%clk 0:02:35]} 5. d4 {[%clk 0:03:02]} a6 {[%clk 0:02:33]}
6. Nf3 {[%clk 0:02:58]} Nf6 {[%clk 0:02:31]} 7. Bd3 {[%clk 0:02:55]} Bd7
{[%clk 0:02:09]} 8. O-O {[%clk 0:02:50]} Nc6 {[%clk 0:02:10]} 9. c3
{[%clk 0:02:43]} Be7 {[%clk 0:02:10]} 10. b5 {[%clk 0:02:44]} axb5
{[%clk 0:02:06]} 11. Rxa8 {[%clk 0:02:44]} Qxa8 {[%clk 0:02:07]} 12. Bxb5
{[%clk 0:02:45]} O-O {[%clk 0:02:01]} 13. Bd3 {[%clk 0:02:42]} d5
{[%clk 0:01:40]} 14. e5 {[%clk 0:02:41]} Ne8 {[%clk 0:01:39]} 15. Be3
{[%clk 0:02:40]} f6 {[%clk 0:01:32]} 16. exf6 {[%clk 0:02:39]} Nxf6
{[%clk 0:01:32]} 17. Qc2 {[%clk 0:02:28]} g6 {[%clk 0:01:00]} 18. Nbd2
{[%clk 0:02:21]} Be8 {[%clk 0:00:58]} 19. Qb2 {[%clk 0:02:20]} Bf7
{[%clk 0:00:53]} 20. Ra1 {[%clk 0:02:20]} Qc8 {[%clk 0:00:44]} 21. Rb1
{[%clk 0:02:15]} Nd8 {[%clk 0:00:44]} 22. Ne5 {[%clk 0:02:08]} Qc7
{[%clk 0:00:41]} 23. Bf4 {[%clk 0:02:07]} Bd6 {[%clk 0:00:39]} 24. Bg3
{[%clk 0:02:02]} Nd7 {[%clk 0:00:35]} 25. Nxd7 {[%clk 0:02:01]} Qxd7
{[%clk 0:00:35]} 26. Bxd6 {[%clk 0:01:59]} Qxd6 {[%clk 0:00:35]} 27. Qb4
{[%clk 0:01:57]} Qc7 {[%clk 0:00:29]} 28. Nf3 {[%clk 0:01:53]} Be8
{[%clk 0:00:25]} 29. Ne5 {[%clk 0:01:53]} Bc6 {[%clk 0:00:23]} 30. Qc5
{[%clk 0:01:43]} Re8 {[%clk 0:00:18]} 31. Qb6 {[%clk 0:01:41]} Qxb6
{[%clk 0:00:16]} 32. Rxb6 {[%clk 0:01:42]} Re7 {[%clk 0:00:14]} 33. h3
{[%clk 0:01:33]} Rc7 {[%clk 0:00:16]} 34. c4 {[%clk 0:01:13]} Nf7
{[%clk 0:00:15]} 35. Nxf7 {[%clk 0:01:13]} Kxf7 {[%clk 0:00:14]} 36. cxd5
{[%clk 0:01:10]} exd5 {[%clk 0:00:15]} 37. Kf1 {[%clk 0:01:11]} Ke6
{[%clk 0:00:15]} 38. Ke2 {[%clk 0:01:11]} Kd6 {[%clk 0:00:15]} 39. Rb1
{[%clk 0:01:03]} Re7+ {[%clk 0:00:15]} 40. Kd2 {[%clk 0:01:05]} g5
{[%clk 0:00:15]} 41. Bb5 {[%clk 0:00:59]} h6 {[%clk 0:00:15]} 42. Rb3
{[%clk 0:00:55]} Rf7 {[%clk 0:00:11]} 43. Ke2 {[%clk 0:00:54]} Re7+
{[%clk 0:00:12]} 44. Kf1 {[%clk 0:00:54]} Re4 {[%clk 0:00:12]} 45. Bxc6
{[%clk 0:00:49]} bxc6 {[%clk 0:00:13]} 46. Rd3 {[%clk 0:00:48]} c5
{[%clk 0:00:13]} 47. dxc5+ {[%clk 0:00:49]} Kxc5 {[%clk 0:00:13]} 48. f3
{[%clk 0:00:50]} Rd4 {[%clk 0:00:13]} 49. Rc3+ {[%clk 0:00:50]} Kb4
{[%clk 0:00:14]} 50. Re3 {[%clk 0:00:51]} Rc4 {[%clk 0:00:15]} 51. Re2
{[%clk 0:00:50]} d4 {[%clk 0:00:16]} 52. Kf2 {[%clk 0:00:51]} Kc3
{[%clk 0:00:16]} 53. Re1 {[%clk 0:00:48]} Kc2 {[%clk 0:00:14]} 54. Re2+
{[%clk 0:00:49]} Kc3 {[%clk 0:00:15]} 55. Re1 {[%clk 0:00:50]} d3
{[%clk 0:00:16]} 56. Rc1+ {[%clk 0:00:41]} Kd4 {[%clk 0:00:16]} 57. Rd1
{[%clk 0:00:42]} Rc2+ {[%clk 0:00:16]} 58. Kf1 {[%clk 0:00:41]} Kc3
{[%clk 0:00:17]} 59. g3 {[%clk 0:00:39]} Rh2 {[%clk 0:00:16]} 60. Kg1
{[%clk 0:00:35]} Rd2 {[%clk 0:00:16]} 61. Rc1+ {[%clk 0:00:34]} Rc2
{[%clk 0:00:17]} 62. Re1 {[%clk 0:00:36]} d2 {[%clk 0:00:17]} 63. Re3+
{[%clk 0:00:36]} Kd4 {[%clk 0:00:17]} 64. Re4+ {[%clk 0:00:37]} Kd5
{[%clk 0:00:18]} 65. Kf2 {[%clk 0:00:33]} d1=Q+ {[%clk 0:00:18]} 66. Ke3
{[%clk 0:00:33]} Qd2# {[%clk 0:03:02]} 0-1

[Event "d12b"]
[Site "?"]
[Date "2020.08.30"]
[Round "7.3"]
[White "Popczynska, Maja"]
[Black "Kulczycka, Zofia"]
[Result "1/2-1/2"]
[BlackElo "1116"]
[WhiteElo "1129"]
[LiveChessVersion "1.4.8"]

1. e4 {[%clk 0:03:03]} c5 {[%clk 0:03:03]} 2. Nf3 {[%clk 0:03:04]} d6
{[%clk 0:03:04]} 3. d4 {[%clk 0:03:04]} cxd4 {[%clk 0:03:05]} 4. Nxd4
{[%clk 0:03:05]} Nf6 {[%clk 0:03:06]} 5. Nc3 {[%clk 0:03:06]} g6 {[%clk 0:03:06]}
6. Be3 {[%clk 0:03:06]} Bg7 {[%clk 0:03:07]} 7. f3 {[%clk 0:03:05]} O-O
{[%clk 0:03:06]} 8. Qd2 {[%clk 0:03:05]} Nc6 {[%clk 0:03:00]} 9. O-O-O
{[%clk 0:03:05]} d5 {[%clk 0:03:01]} 10. Kb1 {[%clk 0:03:06]} Nxd4
{[%clk 0:03:00]} 11. Bxd4 {[%clk 0:02:57]} dxe4 {[%clk 0:02:58]} 12. Nxe4
{[%clk 0:02:48]} Nxe4 {[%clk 0:02:59]} 13. fxe4 {[%clk 0:02:48]} Bxd4
{[%clk 0:02:59]} 14. Qxd4 {[%clk 0:02:49]} Qxd4 {[%clk 0:02:59]} 15. Rxd4
{[%clk 0:02:50]} Be6 {[%clk 0:02:56]} 16. b3 {[%clk 0:02:47]} Rfd8
{[%clk 0:02:55]} 17. Rb4 {[%clk 0:02:33]} b6 {[%clk 0:02:50]} 18. Bc4
{[%clk 0:02:31]} Bxc4 {[%clk 0:02:44]} 19. Rxc4 {[%clk 0:02:32]} Rac8
{[%clk 0:02:45]} 20. Rxc8 {[%clk 0:02:01]} Rxc8 {[%clk 0:02:45]} 21. Rd1
{[%clk 0:02:02]} Rc7 {[%clk 0:02:46]} 22. c4 {[%clk 0:01:59]} Kg7
{[%clk 0:02:46]} 23. Kb2 {[%clk 0:02:00]} Kf6 {[%clk 0:02:46]} 24. Kc3
{[%clk 0:01:50]} Ke5 {[%clk 0:02:46]} 25. Rd4 {[%clk 0:01:31]} e6
{[%clk 0:02:23]} 26. Kd3 {[%clk 0:01:29]} f5 {[%clk 0:02:18]} 27. exf5
{[%clk 0:01:23]} exf5 {[%clk 0:02:19]} 28. Rd5+ {[%clk 0:01:19]} Kf4
{[%clk 0:02:18]} 29. Ke2 {[%clk 0:01:14]} Re7+ {[%clk 0:02:18]} 30. Kd3
{[%clk 0:01:09]} Re3+ {[%clk 0:02:17]} 31. Kd2 {[%clk 0:01:07]} Re7
{[%clk 0:02:15]} 32. Rd4+ {[%clk 0:01:06]} Ke5 {[%clk 0:02:11]} 33. Rd5+
{[%clk 0:01:06]} Ke4 {[%clk 0:02:09]} 34. Rd3 {[%clk 0:00:51]} Kf4
{[%clk 0:02:01]} 35. Rf3+ {[%clk 0:00:50]} Kg5 {[%clk 0:02:00]} 36. Rg3+
{[%clk 0:00:51]} Kf6 {[%clk 0:02:00]} 37. Rf3 {[%clk 0:00:49]} Rd7+
{[%clk 0:02:00]} 38. Kc3 {[%clk 0:00:48]} Rd1 {[%clk 0:01:59]} 39. Rf2
{[%clk 0:00:47]} Rh1 {[%clk 0:01:59]} 40. h3 {[%clk 0:00:47]} Rc1+
{[%clk 0:01:59]} 41. Kb4 {[%clk 0:00:48]} Rd1 {[%clk 0:01:56]} 42. Kb5
{[%clk 0:00:48]} Rd7 {[%clk 0:01:56]} 43. Re2 {[%clk 0:00:46]} Rc7
{[%clk 0:01:46]} 44. a4 {[%clk 0:00:41]} Rc5+ {[%clk 0:01:45]} 45. Ka6
{[%clk 0:00:39]} Rc7 {[%clk 0:01:43]} 46. Kb5 {[%clk 0:00:38]} Rd7
{[%clk 0:01:43]} 47. Kc6 {[%clk 0:00:38]} Rd3 {[%clk 0:01:43]} 48. b4
{[%clk 0:00:35]} Rc3 {[%clk 0:01:43]} 49. Kb5 {[%clk 0:00:34]} Rd3
{[%clk 0:01:36]} 50. Ka6 {[%clk 0:00:33]} Rd7 {[%clk 0:01:36]} 51. Rc2
{[%clk 0:00:32]} Ke5 {[%clk 0:01:27]} 1/2-1/2

[Event "d12b"]
[Site "?"]
[Date "2020.08.30"]
[Round "7.4"]
[White "Gaszka, Zuzanna"]
[Black "Ziobrowska, Maja"]
[Result "1-0"]
[BlackElo "1266"]
[WhiteElo "1158"]
[LiveChessVersion "1.4.8"]

1. e4 {[%clk 0:03:03]} e5 {[%clk 0:03:03]} 2. Nf3 {[%clk 0:03:04]} Nc6
{[%clk 0:03:04]} 3. d4 {[%clk 0:03:05]} exd4 {[%clk 0:03:04]} 4. Bc4
{[%clk 0:03:05]} Nf6 {[%clk 0:03:02]} 5. O-O {[%clk 0:03:05]} d5 {[%clk 0:03:02]}
6. e5 {[%clk 0:02:56]} dxc4 {[%clk 0:03:03]} 7. exf6 {[%clk 0:02:57]} Be6
{[%clk 0:02:58]} 8. Re1 {[%clk 0:02:37]} h6 {[%clk 0:02:57]} 9. Nbd2
{[%clk 0:02:28]} Qxf6 {[%clk 0:02:56]} 10. Nxc4 {[%clk 0:02:24]} Bb4
{[%clk 0:02:45]} 11. Bd2 {[%clk 0:02:16]} Bxd2 {[%clk 0:02:39]} 12. Qxd2
{[%clk 0:02:15]} O-O {[%clk 0:02:39]} 13. Nce5 {[%clk 0:02:13]} Nxe5
{[%clk 0:02:34]} 14. Nxe5 {[%clk 0:02:08]} Rad8 {[%clk 0:02:32]} 15. Rad1
{[%clk 0:02:05]} Rfe8 {[%clk 0:02:33]} 16. f4 {[%clk 0:01:56]} c5
{[%clk 0:02:20]} 17. b3 {[%clk 0:01:54]} Bf5 {[%clk 0:02:03]} 18. Qf2
{[%clk 0:01:39]} b6 {[%clk 0:01:30]} 19. Rd2 {[%clk 0:01:21]} Bc8
{[%clk 0:01:13]} 20. Qf3 {[%clk 0:01:16]} Rd6 {[%clk 0:00:46]} 21. Rde2
{[%clk 0:01:01]} Rde6 {[%clk 0:00:46]} 22. Ng4 {[%clk 0:00:56]} Qf5
{[%clk 0:00:32]} 23. Re5 {[%clk 0:00:49]} Rxe5 {[%clk 0:00:29]} 24. Nxe5
{[%clk 0:00:49]} Qxc2 {[%clk 0:00:27]} 25. Qc6 {[%clk 0:00:43]} Rf8
{[%clk 0:00:16]} 26. Qc7 {[%clk 0:00:25]} Qd2 {[%clk 0:00:15]} 27. Rf1
{[%clk 0:00:23]} Qxa2 {[%clk 0:00:14]} 28. Nc6 {[%clk 0:00:22]} Qxb3
{[%clk 0:00:12]} 29. Ne7+ {[%clk 0:00:22]} Kh7 {[%clk 0:00:05]} 30. Nxc8
{[%clk 0:00:22]} Qe3+ {[%clk 0:00:04]} 31. Kh1 {[%clk 0:00:23]} Qe2 1-0

[Event "d12b"]
[Site "?"]
[Date "2020.08.30"]
[Round "7.5"]
[White "Palejko, Gabriela"]
[Black "Salamon, Julia"]
[Result "0-1"]
[BlackElo "1156"]
[WhiteElo "1196"]
[LiveChessVersion "1.4.8"]

1. e4 c5 2. Nf3 e6 3. d4 cxd4 4. Nxd4 Nf6 5. Bd3 Nc6 6. Nxc6 {[%clk 0:03:04]}
bxc6 7. O-O Qc7 8. Re1 Bd6 9. h3 O-O 10. Nc3 e5 11. Bg5 Qd8 12. Bc4 Be7 13. Qf3
h6 14. Bh4 Bb7 15. Qg3 Qc7 16. Rad1 d6 17. Qf3 Rad8 18. Bg3 Qb6 {[%clk 0:01:28]}
19. b3 Qa5 20. a4 d5 21. exd5 cxd5 22. Rxe5 {[%clk 0:00:32]} dxc4
{[%clk 0:01:02]} 23. Rxa5 {[%clk 0:00:21]} Bxf3 {[%clk 0:01:03]} 24. gxf3
{[%clk 0:00:15]} Bb4 {[%clk 0:01:04]} 25. Rxd8 {[%clk 0:00:14]} Rxd8
{[%clk 0:01:04]} 26. Rb5 Bxc3 27. bxc4 {[%clk 0:00:06]} Rc8 {[%clk 0:01:01]} 28.
Kg2 {[%clk 0:00:04]} Rxc4 {[%clk 0:01:02]} 29. Rb8+ {[%clk 0:00:05]} Kh7
{[%clk 0:01:02]} 30. a5 {[%clk 0:00:06]} Bxa5 {[%clk 0:01:03]} 31. Ra8
{[%clk 0:00:07]} Bb6 32. Rf8 Rxc2 {[%clk 0:01:01]} 33. Rxf7 {[%clk 0:00:05]} Nh5
{[%clk 0:01:02]} 34. Bh4 {[%clk 0:00:03]} Kg6 35. Rd7 Nf4+ {[%clk 0:00:57]} 36.
Kg3 Nh5+ 37. Kg2 Nf4+ 38. Kg3 Bxf2+ 39. Kxf4 {[%clk 0:00:05]} Bxh4 40. Rd6+ Kh7
{[%clk 0:00:58]} 41. Ra6 {[%clk 0:00:07]} Rc7 {[%clk 0:00:58]} 42. Kg4 Bf6 43. h4
Rc4+ 44. Kg3 Bxh4+ 45. Kg2 Rc7 46. Kh3 {[%clk 0:00:07]} Bf6 {[%clk 0:01:00]} 47.
Kg4 {[%clk 0:00:07]} Bd4 48. Ra4 Bb6 {[%clk 0:00:59]} 49. Rf4 Rd7 50. Kh5 Rd5+
51. Kg4 Rd4 52. Rxd4 Bxd4 53. Kf4 {[%clk 0:00:07]} a6 54. Ke4 Bb6 55. Kd3 a5 56.
Kc4 g5 57. Kb5 Kg6 58. f4 gxf4 59. Ka4 f3 {[%clk 0:01:05]} 60. Kb5 f2 61. Ka6
f1=Q+ 62. Kb7 {[%clk 0:00:14]} Qb5 63. Kc8 Qc6+ 64. Kb8 Qc7+ 65. Ka8 Qa7# 0-1

[Event "d12b"]
[Site "?"]
[Date "2020.08.30"]
[Round "7.6"]
[White "Sprzeczka, Emilia"]
[Black "Leks, Emilia"]
[Result "1-0"]
[BlackElo "1122"]
[WhiteElo "1177"]
[LiveChessVersion "1.4.8"]

1. e4 {[%clk 0:03:03]} c6 2. d4 {[%clk 0:03:03]} d5 {[%clk 0:03:05]} 3. exd5
{[%clk 0:03:04]} cxd5 {[%clk 0:03:05]} 4. c4 {[%clk 0:03:05]} Nf6
{[%clk 0:03:05]} 5. Nc3 {[%clk 0:03:05]} Nc6 {[%clk 0:02:57]} 6. Nf3
{[%clk 0:03:05]} Bg4 {[%clk 0:02:58]} 7. c5 {[%clk 0:02:59]} e6 {[%clk 0:02:58]}
8. Be2 {[%clk 0:02:59]} Be7 {[%clk 0:02:59]} 9. O-O {[%clk 0:02:55]} O-O
{[%clk 0:02:59]} 10. h3 {[%clk 0:02:54]} Bh5 {[%clk 0:03:00]} 11. Bf4
{[%clk 0:02:54]} Re8 {[%clk 0:03:00]} 12. Ne5 {[%clk 0:02:43]} Bxe2
{[%clk 0:02:55]} 13. Nxc6 {[%clk 0:02:38]} Bxd1 {[%clk 0:02:43]} 14. Nxd8
{[%clk 0:02:37]} Raxd8 {[%clk 0:02:21]} 15. Raxd1 {[%clk 0:02:35]} h6
{[%clk 0:02:17]} 16. b4 {[%clk 0:02:23]} a6 {[%clk 0:02:15]} 17. a4
{[%clk 0:02:23]} Rc8 {[%clk 0:02:13]} 18. b5 {[%clk 0:02:23]} a5 {[%clk 0:02:01]}
19. b6 {[%clk 0:02:20]} Nh5 {[%clk 0:01:47]} 20. Bc7 {[%clk 0:02:18]} Bd8
{[%clk 0:01:35]} 21. Nb5 {[%clk 0:01:52]} Bxc7 {[%clk 0:01:16]} 22. Nxc7
{[%clk 0:01:44]} Rf8 {[%clk 0:01:08]} 23. Rb1 {[%clk 0:01:31]} Nf6
{[%clk 0:01:05]} 24. Rb5 {[%clk 0:01:09]} Ne8 {[%clk 0:00:59]} 25. Nxe8
{[%clk 0:01:08]} Rfxe8 {[%clk 0:00:59]} 26. f4 {[%clk 0:00:58]} Ra8
{[%clk 0:00:59]} 27. Rc1 {[%clk 0:00:54]} Rec8 {[%clk 0:00:58]} 28. Rb3
{[%clk 0:00:46]} Rc6 {[%clk 0:00:59]} 29. Re3 {[%clk 0:00:41]} Kf8
{[%clk 0:00:58]} 30. Kf2 {[%clk 0:00:40]} Ke7 {[%clk 0:00:59]} 31. Kf3
{[%clk 0:00:40]} Kf6 {[%clk 0:00:59]} 32. g4 {[%clk 0:00:39]} g6 {[%clk 0:00:54]}
33. h4 {[%clk 0:00:38]} Kg7 {[%clk 0:00:50]} 34. g5 {[%clk 0:00:27]} h5
{[%clk 0:00:49]} 35. Rb3 {[%clk 0:00:21]} Ra6 {[%clk 0:00:48]} 36. Ke3
{[%clk 0:00:20]} Ra8 {[%clk 0:00:47]} 37. Kd3 {[%clk 0:00:18]} Ra6
{[%clk 0:00:48]} 38. Kc3 {[%clk 0:00:15]} Ra8 {[%clk 0:00:45]} 39. Rb5
{[%clk 0:00:15]} Ra6 {[%clk 0:00:45]} 40. Kb3 {[%clk 0:00:14]} Ra8
{[%clk 0:00:45]} 41. Ka3 {[%clk 0:00:08]} Ra6 {[%clk 0:00:44]} 42. Re1
{[%clk 0:00:05]} Kf8 {[%clk 0:00:38]} 43. Kb3 {[%clk 0:00:05]} Ke7
{[%clk 0:00:38]} 44. Kc3 {[%clk 0:00:05]} Kf8 {[%clk 0:00:38]} 45. Re5
{[%clk 0:00:06]} Ke7 {[%clk 0:00:37]} 46. Rb1 {[%clk 0:00:06]} Ra8
{[%clk 0:00:34]} 47. Rf1 {[%clk 0:00:06]} Rf8 {[%clk 0:00:28]} 48. f5
{[%clk 0:00:06]} Kd7 {[%clk 0:00:24]} 49. fxg6 {[%clk 0:00:04]} Ke7
{[%clk 0:00:14]} 50. gxf7 {[%clk 0:00:04]} Rxf7 {[%clk 0:00:14]} 51. Rxf7+
{[%clk 0:00:05]} Kxf7 {[%clk 0:00:15]} 52. Re3 {[%clk 0:00:06]} Kg6
{[%clk 0:00:14]} 53. Rf3 {[%clk 0:00:08]} Kg7 {[%clk 0:00:09]} 54. Rf6
{[%clk 0:00:08]} Kg8 {[%clk 0:00:06]} 55. Rh6 {[%clk 0:00:09]} Kg7
{[%clk 0:00:07]} 56. Rxh5 {[%clk 0:00:10]} Kg6 {[%clk 0:00:07]} 57. Rh8
{[%clk 0:00:10]} Kg7 {[%clk 0:00:08]} 58. Rb8 {[%clk 0:00:11]} Kg6
{[%clk 0:00:07]} 59. Rxb7 {[%clk 0:00:11]} Kh5 {[%clk 0:00:04]} 60. Rh7+
{[%clk 0:00:12]} Kg6 {[%clk 0:00:06]} 61. b7 {[%clk 0:00:13]} 1-0